| 000 | 00377nam a2200169Ia 4500 | ||
|---|---|---|---|
| 008 | 210210b1892 xxu||||| |||| 00| 0 eng d | ||
| 041 | _aeng | ||
| 082 | _a534/107 | ||
| 100 | _aSTOKES (George Gabriel) | ||
| 245 | _aOn light | ||
| 260 |
_aLondon _bMacmillan & Co. Ltd. _c1892 |
||
| 300 | _a347 | ||
| 650 | _aOn | ||
| 650 | _alight | ||
| 690 | _aPhysics | ||
| 906 | _a008595 | ||
| 999 |
_c126477 _d126477 |
||